000 01123nam a2200313 i 4500
003 DO-SdBNP
005 20260220093807.0
007 ta
008 210312b 2020 dr 00| 0 eng d
020 _a9789945220568
040 _aDO-SdBNP
_bspa
_cBNPHU
_erda
041 _aspa
082 4 _a158.1
_bG633m
_222
100 1 _aGómez, José Miguel,
_d1959-
_eautor
_4aut.
_9800
245 1 0 _a¡Más vale prevenir que lamentar! :
_bclaves para vencer, fluir y ser más resiliente en la vida. Remedios de un psicoterapeuta /
_cJosé Miguel Gómez.
264 1 _aSanto Domingo :
_bBúho,
_c2020.
300 _a205 páginas ;
_c22 cm.
336 _atexto
_btxt
_2rdacontent
337 _asin mediación
_bn
_2rdamedia
338 _avolumen
_bnc
_2rdacarrier
500 _aIncluye datos biográficos del autor en la solapa de la cubierta.
504 _aBibliografía : páginas 203-205
590 _aInventariado, 2021 /LP
650 4 _aÉxito
_9394
650 7 _aConducta de vida
_2LIBRUNAM
_911947
650 4 _aPersonas
_xHábitos y conductas
_941437
910 _aValidado. Control de calidad MFF
942 _2ddc
_cLBS1
999 _c49553
_d49553